Design of the Airplane 2nd Ed (Record no. 301292)
[ view plain ]
| 000 -LEADER | |
|---|---|
| fixed length control field | 00349 a2200145 4500 |
| 001 - CONTROL NUMBER | |
| control field | 66219 |
| 082 ## - DEWEY DECIMAL CLASSIFICATION NUMBER | |
| Classification number | 629.1341 STI |
| 090 ## - LOCALLY ASSIGNED LC-TYPE CALL NUMBER (OCLC); LOCAL CALL NUMBER (RLIN) | |
| -- | 38508 |
| -- | 38508 |
| 100 ## - MAIN ENTRY--PERSONAL NAME | |
| Personal name | Stinton Darrol |
| 245 ## - TITLE STATEMENT | |
| Title | Design of the Airplane 2nd Ed |
| 250 ## - EDITION STATEMENT | |
| Edition statement | 2 |
| 260 ## - PUBLICATION, DISTRIBUTION, ETC. | |
| Place of publication, distribution, etc. | Virgina |
| Name of publisher, distributor, etc. | AIAA Education Series |
| Date of publication, distribution, etc. | 2001 |
| 300 ## - PHYSICAL DESCRIPTION | |
| Extent | xxx684p |
| 650 ## - SUBJECT ADDED ENTRY--TOPICAL TERM | |
| Topical term or geographic name entry element | landing gear design |
| 942 ## - ADDED ENTRY ELEMENTS (KOHA) | |
| Institution code [OBSOLETE] | NUST-CAE |
| Call number prefix | 629.1341 STI |
| Withdrawn status | Lost status | Damaged status | Not for loan | Collection code | Permanent Location | Current Location | Date acquired | Total Checkouts | Full call number | Barcode | Date last seen | Price effective from | Koha item type |
|---|---|---|---|---|---|---|---|---|---|---|---|---|---|
| College of Aeronautical Engineering (CAE) | College of Aeronautical Engineering (CAE) | 04/03/2017 | 629.1341 STI | CAEN-824 | 04/05/2017 | 04/05/2017 | Book | ||||||
| College of Aeronautical Engineering (CAE) | College of Aeronautical Engineering (CAE) | 04/03/2017 | 629.1341 STI | CAEN-825 | 04/05/2017 | 04/05/2017 | Book |
